La filmographie d'Elizabeth Olsen - Statistiques

Statistiques générales
  • Ce quiz a été pris 38 fois
  • Le résultat moyen est 13 sur 27
Statistiques - réponses
Années Films / Séries % Correct
2021 WandaVision
90%
2019 Avengers : Endgame
87%
2018 Avengers : Infinity War
87%
2015 Avengers : L'Ere d'Ultron
87%
2016 Captain America : Civil War
77%
2017 Wind river
60%
2022 Doctor Strange in the Multiverse of Madness
57%
2011 Martha Marcy May Marlene
57%
2013 Old boy
53%
2018-2019 Sorry For Your Loss
53%
2014 Godzilla
50%
2017 Instalife
50%
2017 Kodachrome
50%
2014 Captain America : le soldat de l'hiver
47%
2014 En secret
47%
2011 Silent house
47%
2015 I saw the light
43%
2013 Kill your darlings
40%
1994 Deux jumelles dans l'Ouest
33%
2012 Red lights
33%
2013 Very Good Girls
33%
2021 Spider-man : No way home
30%
2011 Peace, Love and Misunderstanding
23%
1995 La fête à la maison
20%
2012 Love and other lessons
20%
2016 Drunk History
7%
2017 HarmonQuest : Stirrup
7%
Aucun quiz correspondant
Distribution des résultats
% des personnes avec chaque résultat
Percentile par nombre de réponses
Votre historique - résultats
Vous n’avez pas pris ce quiz